Проблемы и перспективы развития индустрии сервиса, торговли и общественного питания в современной России (Запись № 9771309)

Подробности
000 -МАРКЕР
контрольное поле 02660nam0a2200421 i 4500
001 - ИДЕНТИФИКАТОР ЗАПИСИ
контрольное поле RU\NLR\BIBL_A\010413140
005 - ИДЕНТИФИКАТОР ВЕРСИИ
контрольное поле 20260407163320.0
010 ## - МЕЖДУНАРОДНЫЙ СТАНДАРТНЫЙ НОМЕР КНИГИ (ISBN)
Номер (ISBN) 9785901709382
Тираж 500
021 ## - НОМЕР ГОСУДАРСТВЕННОЙ РЕГИСТРАЦИИ
Код страны российская федерация
Номер 2014-33214
Номер Листа государственной регистраци 2031
035 ## - ДРУГИЕ СИСТЕМНЫЕ НОМЕРА
Идентификатор записи (NILC)RuMoRGB-007488952
035 ## - ДРУГИЕ СИСТЕМНЫЕ НОМЕРА
Идентификатор записи (NLR Aleph) 010413140
100 ## - ДАННЫЕ ОБЩЕЙ ОБРАБОТКИ
Данные общей обработки 20140708d2014 k y0rusy50 ca
101 0# - ЯЗЫК РЕСУРСА
Язык текста, звукозаписи и т.д. русский
-- английский
-- татарский
102 ## - СТРАНА ПУБЛИКАЦИИ ИЛИ ПРОИЗВОДСТВА
Страна публикации российская федерация
105 ## - ПОЛЕ КОДИРОВАННЫХ ДАННЫХ: ТЕКСТОВЫЕ МАТЕРИАЛЫ, МОНОГРАФИЧЕСКИЕ
Кодированные данные о монографическом текстовом документе a|||7|||101yy
200 1# - ЗАГЛАВИЕ И СВЕДЕНИЯ ОБ ОТВЕТСТВЕННОСТИ
Основное заглавие Проблемы и перспективы развития индустрии сервиса, торговли и общественного питания в современной России
Сведения, относящиеся к заглавию материалы международной научно-практической конференции
Первые сведения об ответственности [под. ред. д.э.н., проф. И.Т. Насретдинова]
210 ## - ПУБЛИКАЦИЯ, РАСПРОСТРАНЕНИЕ И ДР.
Место издания, распространения и т.д. Москва
Имя издателя, распространителя и т. д. Казанский кооперативный институт (филиал) Российского университета кооперации
-- Издательский дом Центросоюза
Дата издания, распространения и т.д. 2014
215 ## - ФИЗИЧЕСКАЯ ХАРАКТЕРИСТИКА
Специфическое обозначение материала и объем 491 с.
Другие сведения о физической характеристике ил.
Размеры 20
300 ## - ОБЩИЕ ПРИМЕЧАНИЯ
Текст примечания В надзаг.: Автоном. некоммерч. орг. высш. образования Центросоюза Рос. Федерации "Рос. ун-т кооперации", Каз. кооператив. ин-т
300 ## - ОБЩИЕ ПРИМЕЧАНИЯ
Текст примечания Часть текста на англ. и тат. яз.
320 ## - ПРИМЕЧАНИЯ О НАЛИЧИИ В ДОКУМЕНТЕ БИБЛИОГРАФИИ / УКАЗАТЕЛЯ
Текст примечания Библиогр. в конце ст. и в подстроч. примеч.
606 1# - НАИМЕНОВАНИЕ ТЕМЫ КАК ПРЕДМЕТ
Наименование темы Банковские услуги
Формальный подзаголовок Съезды, совещания и т.п
Тематический подзаголовок Качество
Системный номер авторитетной/нормативной записи 1980509
Идентификатор авторитетной/нормативной записи RU\NLR\AUTH\66908350
606 ## - НАИМЕНОВАНИЕ ТЕМЫ КАК ПРЕДМЕТ
Наименование темы Автомобили
Формальный подзаголовок Съезды, совещания и т.п
Тематический подзаголовок Торговля
Системный номер авторитетной/нормативной записи 1044123
Идентификатор авторитетной/нормативной записи RU\NLR\AUTH\6684521
606 1# - НАИМЕНОВАНИЕ ТЕМЫ КАК ПРЕДМЕТ
Наименование темы Торговля
Формальный подзаголовок Съезды, совещания и т.п
Тематический подзаголовок Регулирование
Географический подзаголовок Российская Федерация
Системный номер авторитетной/нормативной записи 2622081
Идентификатор авторитетной/нормативной записи RU\NLR\AUTH\661558641
606 ## - НАИМЕНОВАНИЕ ТЕМЫ КАК ПРЕДМЕТ
Наименование темы Пищевая промышленность
Формальный подзаголовок Съезды, совещания и т.п
Тематический подзаголовок Инновационная деятельность
Системный номер авторитетной/нормативной записи 2312384
Идентификатор авторитетной/нормативной записи RU\NLR\AUTH\661383873
686 1# - ИНДЕКСЫ ДРУГИХ КЛАССИФИКАЦИЙ
Индекс У30(2)67-82я431(0)
686 1# - ИНДЕКСЫ ДРУГИХ КЛАССИФИКАЦИЙ
Индекс У30(2)67-55я431(0)
686 1# - ИНДЕКСЫ ДРУГИХ КЛАССИФИКАЦИЙ
Индекс У26(2)210-805я431
686 1# - ИНДЕКСЫ ДРУГИХ КЛАССИФИКАЦИЙ
Индекс У42(0)152.36я431
686 1# - ИНДЕКСЫ ДРУГИХ КЛАССИФИКАЦИЙ
Индекс У42(2)1-18я431(0)
702 #1 - ИМЯ ЛИЦА - ВТОРИЧНАЯ ОТВЕТСТВЕННОСТЬ
Начальный элемент ввода Насретдинов
Часть имени, кроме начального элемента ввода И. Т.
Расширение инициалов личного имени Ильдар Талифович
Код отношения Редактор
712 02 - НАИМЕНОВАНИЕ ОРГАНИЗАЦИИ - ВТОРИЧНАЯ ОТВЕТСТВЕННОСТЬ
Код отношения Прочие
Начальный элемент ввода Казанский кооперативный институт
Идентификатор авторитетной/нормативной записи RU\NLR\AUTH\8810102057
Системный номер авторитетной/нормативной записи 704860
801 #0 - ИСТОЧНИК ЗАПИСИ
Страна российская федерация
Организация РГБ
Дата составления 20140514
Правила каталогизации RCR
942 ## - ДОПОЛНИТЕЛЬНЫЕ ЭЛЕМЕНТЫ ЗАПИСИ (АБИС)
Тип экземпляра АБИС Книга
980 ## - КОЛЛЕКЦИЯ
Название коллекции НБР

Нет доступных экземпляров.